La tracción por vapor en los ferrocarriles / (Record no. 185107)

MARC details
000 -LEADER
campo de control de longitud fija 00721nam a2200181 i 4500
001 - NÚMERO DE CONTROL
campo de control 185107
003 - IDENTIFICADOR DE NÚMERO DE CONTROL
campo de control ES-MaACL
005 - FECHA Y HORA DE LA ÚLTIMA TRANSACCIÓN
campo de control 20230906222341.0
008 - DATOS DE LONGITUD FIJA--INFORMACIÓN GENERAL
campo de control de longitud fija 160322s1915 sp |||| | spa d
100 0# - ENTRADA PRINCIPAL--NOMBRE DE PERSONA
Nombre de persona Burgaleta, Vicente.
9 (RLIN) 32615
245 13 - MENCIÓN DEL TÍTULO
Título La tracción por vapor en los ferrocarriles /
Mención de responsabilidad, etc. Vicente Burgaleta.
260 ## - PUBLICACIÓN, DISTRIBUCIÓN, ETC.
Lugar de publicación, distribución, etc. Madrid :
Nombre del editor, distribuidor, etc. [s.n.,
Fecha de publicación, distribución, etc. 1915?] (
Fabricante Imp. de Eduardo Arias)
300 ## - DESCRIPCIÓN FÍSICA
Extensión 30 p. ;
Dimensiones 24 cm.
595 ## -
-- Separata del Congreso de Valladolid de la Asociación Española para el Progreso de las Ciencias.
650 #4 - PUNTO DE ACCESO ADICIONAL DE MATERIA--TÉRMINO DE MATERIA
Término de materia o nombre geográfico como elemento de entrada Locomotoras de vapor.
9 (RLIN) 159185
710 2# - ENTRADA AGREGADA--NOMBRE DE ENTIDAD CORPORATIVA
Nombre de entidad corporativa o nombre de jurisdicción como elemento de entrada Asociación Española para el Progreso de las Ciencias.
Unidad subordinada Congreso (
Número del congreso/reunión o número de parte o sección 5º.
Fecha del congreso o de la firma del tratado 1915.
Sede del congreso/Lugar de la reunión Valladolid)
9 (RLIN) 1700
852 ## - LOCALIZACIÓN
Ubicación ES-MaACL
Número de control de estantería 1507-F-4
Holdings
Estatus retirado Estado de pérdida Estado de daño No para préstamo Colección Biblioteca de origen Biblioteca actual Ubicación en estantería Fecha de adquisición Fuente de adquisición Total de préstamos Signatura topográfica completa Código de barras Visto por última vez Precio de reemplazo Tipo de ítem Koha
        Colección de folletos Biblioteca del Ateneo de Madrid Biblioteca del Ateneo de Madrid Depósito folletos 22/03/2016     1507-F-4 1194979 23/02/2023 23/02/2023 Folleto